000 00450nam a2200193Ia 4500
008 210210b1955 xxu||||| |||| 00| 0 eng d
041 _aeng
082 _a535/6
100 _aBENDICK (Jeanne)
245 _aElectronics for young people
260 _aNew York
_bMcGraw Hill Book Company
_c1955
300 _a189
650 _ayoung
650 _apeople
650 _afor
650 _aElectronics
690 _aElectricity
906 _a008624
999 _c126586
_d126586